The proclaimed lng scam : (Record no. 524012)

000 -LEADER
fixed length control field 00418nam a22001457a 4500
020 ## - INTERNATIONAL STANDARD BOOK NUMBER
International Standard Book Number 978-969-9898-00-6
040 ## - CATALOGING SOURCE
Transcribing agency NUST
082 ## - DEWEY DECIMAL CLASSIFICATION NUMBER
Classification number 338.47665730954
Author Mark SAB
100 ## - MAIN ENTRY--PERSONAL NAME
Personal name Sabri, G.A.
9 (RLIN) 14836
245 ## - TITLE STATEMENT
Title The proclaimed lng scam :
Remainder of title A Treatise in perspective /
Statement of responsibility, etc. G.A. Sabri.
260 ## - PUBLICATION, DISTRIBUTION, ETC.
Place of publication, distribution, etc. Pakistan :
Name of publisher, distributor, etc. Triad Communications Islamabad,
Date of publication, distribution, etc. 2013.
300 ## - PHYSICAL DESCRIPTION
Extent 208 p. :
Dimensions 21 cm.
500 ## - GENERAL NOTE
General note Paperback
942 ## - ADDED ENTRY ELEMENTS (KOHA)
Source of classification or shelving scheme
Koha item type Book
Holdings
Withdrawn status Lost status Source of classification or shelving scheme Damaged status Not for loan Permanent Location Current Location Date acquired Total Checkouts Full call number Barcode Date last seen Price effective from Koha item type
          Central Library (CL) Central Library (CL) 06/14/2019   338.47665730954 SAB CL-D-429 06/14/2019 06/14/2019 Book
© 2023 Central Library, National University of Sciences and Technology. All Rights Reserved.